Southville International School and Colleges
Your cart is empty.
  • Cart
  • Lists
    Public lists Eva Luna New books Lux_list list_1
    Your lists Log in to create your own lists
  • Log in to your account
  • Your cookies
  • Search history
Southville International School and Colleges
  • Advanced search
  • Recent comments
  • Most popular
  • Libraries

Log in to your account

Log in with GOOGLE


If you do not have an external account, but do have a local account, you can still log in:

  1. Home
  2. MARC view: I wonder why :
Normal view MARC view ISBD view

I wonder why : (Record no. 35181)

[ view plain ]
MARC details
000 -LEADER
fixed length control field 00713nam a22002177a 4500
003 - CONTROL NUMBER IDENTIFIER
control field Ost
005 - DATE AND TIME OF LATEST TRANSACTION
control field 20140310184528.0
008 - FIXED-LENGTH DATA ELEMENTS--GENERAL INFORMATION
fixed length control field 131115t xxu||||| |||| 00| 0 eng d
020 ## - INTERNATIONAL STANDARD BOOK NUMBER
International Standard Book Number 0753405164
050 ## - LIBRARY OF CONGRESS CALL NUMBER
Classification number QB 46
Item number .St952 2006
100 ## - MAIN ENTRY--PERSONAL NAME
Personal name Stott, Carole.
9 (RLIN) 30471
245 ## - TITLE STATEMENT
Title I wonder why :
Remainder of title Stars twinkle and other questions about space /
Statement of responsibility, etc Carole Stott.
260 ## - PUBLICATION, DISTRIBUTION, ETC. (IMPRINT)
Place of publication, distribution, etc London :
Name of publisher, distributor, etc Kingfisher,
Date of publication, distribution, etc 2006.
300 ## - PHYSICAL DESCRIPTION
Extent 32 p. :
Other physical details ill. col. ;
Dimensions 28 cm.
650 ## - SUBJECT ADDED ENTRY--TOPICAL TERM
Topical term or geographic name as entry element Astronomy
General subdivision Miscellanea
-- Juvenile literature.
9 (RLIN) 30472
650 ## - SUBJECT ADDED ENTRY--TOPICAL TERM
Topical term or geographic name as entry element Space sciences
General subdivision Miscellanea
-- Juvenile literature.
9 (RLIN) 30473
650 ## - SUBJECT ADDED ENTRY--TOPICAL TERM
Topical term or geographic name as entry element Questions and answers.
9 (RLIN) 4945
650 ## - SUBJECT ADDED ENTRY--TOPICAL TERM
Topical term or geographic name as entry element Astronomy.
9 (RLIN) 1180
942 ## - ADDED ENTRY ELEMENTS (KOHA)
Source of classification or shelving scheme Library of Congress Classification
Koha item type
Holdings
Withdrawn status Lost status Source of classification or shelving scheme Damaged status Home library Current library Shelving location Date acquired Total Checkouts Full call number Barcode Date last seen Copy number Price effective from Koha item type
    Library of Congress Classification   Luxembourg Library Luxembourg Library Reference Section 11/15/2013   QB 46 .St952 2006 LEX1702 09/11/2015 1 11/15/2013 Books

I wonder why :

APA

Stott C., . (2006). I wonder why. London: Kingfisher.

Chicago

Stott Carole, . 2006. I wonder why. London: Kingfisher.

Harvard

Stott C., . (2006). I wonder why. London: Kingfisher.

MLA

Stott Carole, . I wonder why. London: Kingfisher. 2006.

  • Place hold
  • Print
  • Cite
  • Add to your cart (remove)
  • Save record
    BIBTEX Dublin Core MARCXML MARC (non-Unicode/MARC-8) MARC (Unicode/UTF-8) MARC (Unicode/UTF-8, Standard) MODS (XML) RIS
  • More searches
    Search for this title in:
    Other Libraries (WorldCat) Other Databases (Google Scholar) Online Stores (Bookfinder.com) Open Library (openlibrary.org)

Exporting to Dublin Core...

SOUTHVILLE LIBRARY

Southville International School and Colleges Library

1281 Tropical Ave. Cor. Luxembourg St., BF Homes International, Las Pinas City

Tel. No. 8256374 / 252358 Loc. 117/146

Powered by Koha